000 00959nam a2200289Ia 4500
001 Para_8401
003 CHAP
008 220125s2002 xx 000 0 und d
010 _a205242
040 _cCHAP
090 _aPA TESIS 1671
100 _aHernández Martínez, Ma. Isabel
_954302
245 _aTolerania de un cultivar de arroz (Oryza sativa L.), al herbicida glifosato /
_c por Ma. Isabel Hernández Martínez
260 _aChapingo, Méx. :
_b el autor
300 _a47 h.
502 _aTesis (Ing. Agr. Esp. en Parasitología Agrícola) -- UACh. Departamento Parasitología Agrícola
650 _aArroz
_x resistencia a herbicidas
_9171247
650 _aHerbicidas
_953691
710 _aUACh. Departamento Parasitología Agrícola
_9164025
901 _aPA TESIS 1671
902 _aA
905 _a0000002002 n 0000000000 00
910 _a2002
942 _cPARA
942 _cPARA
_d1
999 _c205242
_d205242